LIBRARY & INFORMATION CENTRE, KCAET, TAVANUR

ONLINE PUBLIC ACCESS CATALOGUE (OPAC)

Kathayum Kaminiyum / (Record no. 947)

MARC details
000 -LEADER
fixed length control field 00424cam a2200181ua 4500
041 ## - LANGUAGE CODE
Language code of text/sound track or separate title mal
082 ## - DEWEY DECIMAL CLASSIFICATION NUMBER
Classification number 894.812301
Item number KOC/KA
100 ## - MAIN ENTRY--AUTHOR NAME
Personal name Kochery, S.K .
245 ## - TITLE STATEMENT
Title Kathayum Kaminiyum /
250 ## - EDITION STATEMENT
Edition statement 1 /
260 ## - PUBLICATION, DISTRIBUTION, ETC. (IMPRINT)
Place of publication Ahamedabad :
Name of publisher Yugachethana ,
Year of publication 1968.
300 ## - PHYSICAL DESCRIPTION
Number of Pages 146 ; .
942 ## - ADDED ENTRY ELEMENTS (KOHA)
Koha item type Books
Holdings
Withdrawn status Lost status Damaged status Home library Current library Date acquired Full call number Accession Number Koha item type
Withdrawn     KAUAET Malayalam University 07/04/2012 894.812301 900 Books
free website counter